BTS song evolutions - Statistics

General Stats
  • This quiz has been taken 69 times
    67 since last reset
  • The average score is 16 of 34
Answer Stats
Hint Answer % Correct
2013 N.O
94%
2013 No More Dream
92%
2021 Butter
85%
2020 Dynamite
83%
2019 Boy With Luv
77%
2014 Danger
77%
2016 FIRE
77%
2015 RUN
77%
2014 Boy In Luv
71%
2017 DNA
71%
2015 I NEED U
71%
2018 FAKE LOVE
67%
2020 ON
65%
2016 Blood, Sweat & Tears
63%
2018 IDOL
62%
2021 Permission to Dance
60%
2017 Spring Day
52%
2022 Yet To Come
50%
2017 MIC Drop
50%
2020 Black Swan
48%
2020 Life Goes On
40%
2023 Take Two
35%
2015 FOR YOU
23%
2021 Film out
21%
2020 Stay Gold
21%
2019 Lights
17%
2021 My Universe
17%
2019 Make It Right
15%
2018 Don't Leave Me
13%
2014 Miss Right
10%
2017 Crystal Snow
8%
2014 WAKE UP
8%
2016 Wishing on a star
6%
2017 Come Back Home
4%
No matching quizzes found
Score Distribution
Percent of People with Each Score
Percentile by Number Answered
Your Score History
You have not taken this quiz since the last reset